000 01887nam2a2200253 4500
001 RU\NLR\PER_A\002956038_001900
005 20260409080416.0
035 _a(NLR Aleph) 012321237
090 _a11422703
_c11422703
100 _a20200826d2020 |||y0rusy50 ca
101 0 _arus
102 _aRU
200 1 _aМатериалы V Международной научно-практической конференции "Актуализация инновационной стратегии и практики современной образовательной организации высшего образования на основе цифровизации ее миссии", (2 апреля 2020 г.)
210 _d2020
_aБ. м.
461 0 _1001RU\NLR\Per\708593
_12001#$aЧеловеческий капитал$eежемесячный научно-практический журнал$v2020, № 4 (136) (спец. вып.)
_93930507
_cМосква
_d2010 -
_n[б. и.]
_oежемесячный научно-практический журнал
_tЧеловеческий капитал
_x2074-2029
_v2020, № 4 (136) (спец. вып.)
606 _aВысшее образование
_xИнновации
_jСъезды, совещания и т.п
_3RU\NLR\AUTH\6601752542
_92664515
686 1 _aЧ481.2я431
710 1 2 _a"Актуализация инновационной стратегии и практики современной образовательной организации высшего образования на основе цифровизации ее миссии", международная научно-практическая конференция
_d5
_eМосква
_f2020
_9711481
_3RU\NLR\AUTH\880525001
852 _aNLR
_jП23/7967
942 _cISSUE
980 _aNB
980 _aRUSPER